000 00812nam a2200277Ia 4500
001 Z_1010
003 CHAP
008 220113s1985 xx 000 0 und d
010 _a164090
040 _cCHAP
090 _aFolleto 231 (1985)
100 _aInstituto Interamericano de Cooperación para la Agricultura
_9138165
245 _aRedacción de referencias bibliográficas : normas oficiales del IICA /
_cpor IICA
260 _aSan José, Costa Rica :
_bEl Instituto,
_c1985
300 _a57 p
440 _aDocumentación e información agrícola; 141
_9138166
500 _a
503 _a
650 _aCitas bibliográficas I. t.: Normas oficiales del IICA II. t.
_9138158
901 _aFolleto 231 (1985)
902 _aA
910 _a1985
942 _cc14
942 _cc14
999 _c164090
_d164090